Rebecca story collection / (Record no. 31055)
[ view plain ]
| 000 -LEADER | |
|---|---|
| fixed length control field | 01267cam a2200277Ia 4500 |
| 001 - CONTROL NUMBER | |
| control field | 319494238 |
| 003 - CONTROL NUMBER IDENTIFIER | |
| control field | OCoLC |
| 005 - DATE AND TIME OF LATEST TRANSACTION | |
| control field | 20250901063008.0 |
| 008 - FIXED-LENGTH DATA ELEMENTS--GENERAL INFORMATION | |
| fixed length control field | 090427s2009 wiua c 000 f eng d |
| 020 ## - INTERNATIONAL STANDARD BOOK NUMBER | |
| International Standard Book Number | 9781593696269 (hbk.) : |
| Terms of availability | $29.95 |
| 020 ## - INTERNATIONAL STANDARD BOOK NUMBER | |
| International Standard Book Number | 1593696264 |
| 040 ## - CATALOGING SOURCE | |
| Original cataloging agency | BTCTA |
| Language of cataloging | eng |
| Transcribing agency | BTCTA |
| Modifying agency | WIM |
| -- | OCLCA |
| -- | OCLCQ |
| -- | CVS |
| 043 ## - GEOGRAPHIC AREA CODE | |
| Geographic area code | n-us-ny |
| 100 1# - MAIN ENTRY--PERSONAL NAME | |
| Personal name | Greene, Jacqueline Dembar. |
| 245 10 - TITLE STATEMENT | |
| Title | Rebecca story collection / |
| Statement of responsibility, etc. | by Jacqueline Dembar Greene ; illustrations by Robert Hunt. |
| 260 ## - PUBLICATION, DISTRIBUTION, ETC. (IMPRINT) | |
| Place of publication, distribution, etc. | Middleton, WI : |
| Name of publisher, distributor, etc. | American Girl Pub., |
| Date of publication, distribution, etc. | c2009. |
| 300 ## - PHYSICAL DESCRIPTION | |
| Extent | 439 p. : |
| Other physical details | ill. (chiefly col.) ; |
| Dimensions | 23 cm. |
| 440 #0 - SERIES STATEMENT/ADDED ENTRY--TITLE | |
| Title | American girl. |
| 520 ## - SUMMARY, ETC. | |
| Summary, etc. | "Rebecca Rubin dreams of being an actress. Growing up in a big Jewish family, Rebecca has never been outside her immigrant neighborhood in New York City. As her world expands and she sees the plight of new immigrants, Rebecca decides that acting means not just performing, but also taking a stand against injustice"--P. [4] of cover. |
| 521 ## - TARGET AUDIENCE NOTE | |
| Target audience note | New January 2013. |
| 650 #0 - SUBJECT ADDED ENTRY--TOPICAL TERM | |
| Topical term or geographic name as entry element | Jews |
| Geographic subdivision | New York (State) |
| -- | New York |
| Form subdivision | Juvenile fiction. |
| 650 #0 - SUBJECT ADDED ENTRY--TOPICAL TERM | |
| Topical term or geographic name as entry element | Families |
| Geographic subdivision | New York (State) |
| -- | New York |
| Form subdivision | Fiction. |
| 651 #0 - SUBJECT ADDED ENTRY--GEOGRAPHIC NAME | |
| Geographic name | New York (N.Y.) |
| General subdivision | History |
| Chronological subdivision | 1898-1951 |
| Form subdivision | Fiction. |
| 700 1# - ADDED ENTRY--PERSONAL NAME | |
| Personal name | Hunt, Robert, |
| Dates associated with a name | 1952- |
| Relator term | ill. |
| 942 ## - ADDED ENTRY ELEMENTS (KOHA) | |
| Koha item type | Libro/Book |
| Withdrawn status | Lost status | Damaged status | Not for loan | Home library | Current library | Date acquired | Total Checkouts | Full call number | Barcode | Date last seen | Price effective from | Koha item type |
|---|---|---|---|---|---|---|---|---|---|---|---|---|
| San Juan Del Sur -- Biblioteca | San Juan Del Sur -- Biblioteca | 01/09/2025 | YA | 30023267 | 01/09/2025 | 01/09/2025 | Libro/Book |